| 000 | 00448nam a22001577a 4500 | ||
|---|---|---|---|
| 003 | CEME | ||
| 005 | 20210628204150.0 | ||
| 008 | 210202b xxu||||| |||| 00| 0 eng d | ||
| 040 | _c. | ||
| 082 | _a629.89 IOV | ||
| 100 |
_aIovine, John _969062 |
||
| 245 | _aPic microcontroller project book, 12 incredible projects you can build | ||
| 260 |
_aNEW YORK _bMCGRAW HILL _c2000 |
||
| 650 |
_aPIC MICROCONTROLLER PROJECT BOOK _969063 |
||
| 942 |
_cBK _2ddc |
||
| 999 |
_c576474 _d576474 |
||